• 首页
  • 本馆介绍
  • 公告通知
  • 最新文献
  • 馆藏检索
  • 电子资源
  • 读者导购
  • 参考咨询
  • 我的图书馆
  • 登录
  • 详细信息显示
  • 放入我的书架
  • 预约/预借图书
  • 作者相关作品
  • 分类相关作品
  • 丛书相关作品
  • 出版社相关作品

书目信息

  • 表格格式
  • 工作单格式
  • 卡片格式
题名:
非凡的痛苦
    
 
作者: 班宁 , Banning 著 ;徐新 译
分册:  
出版信息: 南京   江苏人民出版社  1980
页数: 288页
开本: 19cm
丛书名:
单 册:
中图分类: I712.5
科图分类:
主题词: 长篇小说--美国--现代 , 文学
电子资源:
ISBN:
000 00925nam0 2200301 45
001 0180007462
005 20040412165355.7
010    @dCNY0.66
091    @a10100.419
100    @a19950324d1980 em y0chiy0121 ea
101 1  @achi@ceng
102    @aCN@b320000
105    @af z 000ay
106    @ar
200 10 @a非凡的痛苦@Afei fan de tong ku@f(美)马格里特·卡尔金·班宁(M.C. Banning)著@F(Mei)Ma Ge Li Te·Ka Er Jin·Ban Ning(M.C.Banning)Zhu@g徐新译
210    @a南京@c江苏人民出版社@d1980
215    @a288页@c插图@d19cm
300    @a书名原文:The splendid torments
510 1  @aThe splendid torments@zeng
606    @a长篇小说@y美国@z现代
606 0  @a文学
690    @aI712.5
701  1 @a班宁@Aban ning@bM.C.@4著
701 A1 @aBanning@bM.C.@4著
702  0 @a徐新@Axu xin@4译
801  0 @aCN@b上海图书馆@c20040412
801  2 @aCN@bNLC@c20040412
905    @f4@b39656-659@f0@f2@b39661-662@dI712.5@e316
    
    非凡的痛苦/(美)马格里特·卡尔金·班宁(M.C. Banning)著/徐新译.-南京:江苏人民出版社,1980
    288页:插图;19cm
    书名原文:The splendid torments
    
    ISBN :CNY0.66
    
●
相关链接 在E读中查询图书 在五车中查询图书 在当当中查询图书 在豆瓣中查询图书


正题名:非凡的痛苦     索取号:I712.5/316         预约/预借

序号 登录号 条形码 馆藏地/架位号 状态 备注
1 0039654   001922183   密集书库/ [索取号:I712.5/316] 在馆    
2 0039656   000191027   第二借阅区/ [索取号:I712.5/316] 在馆    
3 0039657   000190581   第一样本阅览室/ [索取号:I712.5/316] 在馆    
4 0039658   000190590   第二借阅区/ [索取号:I712.5/316] 在馆    
5 0039659   000190983   第二借阅区/ [索取号:I712.5/316] 在馆    
6 0039661   000190634   第二借阅区/ [索取号:I712.5/316] 在馆    
7 0039662   000190625   第二借阅区/ [索取号:I712.5/316] 在馆    
唐山师范学院图书馆 欢迎您!
大连网信软件有限公司© 版权所有